| 000 | 00371nam a2200169Ia 4500 | ||
|---|---|---|---|
| 008 | 210210b1850 xxu||||| |||| 00| 0 eng d | ||
| 041 | _aeng | ||
| 082 | _a444/521 | ||
| 100 | _aROCHE (M A) | ||
| 245 | _aLes prosateurs francais | ||
| 260 |
_aLondon _b- _c1850 |
||
| 650 | _aprosateurs | ||
| 650 | _aLes | ||
| 650 | _afrancais | ||
| 690 | _aFrench | ||
| 906 | _a006715 | ||
| 999 |
_c129705 _d129705 |
||